000
00223nam a2200085Ia 4500
008
211105s9999 xx 000 0 und d
020
_a
"
100
_a
Tolkien, J. R. R. , 1892-1973
_9
125873
245
4
_a
The Lord of the Rings
999
_c
596028
_d
596027